LEADER 01428nam a2200313 a 4500 001 000000163730 003 CaOOAMICUS 005 20171026102324.0 008 171026s1976 it u000 u ita r 032 $aLibriCat 040 $aPUL$bita 100 1 $aBertone, Tarcisio,$ccard.,$d1934-$0(OLS)http://pul/name/12663 245 10$aBenedetto XIV (1740-1758) e la gerarchia ecclesiastica /$cTarcisio Bertone. 260 $aRoma :$b[s.n.],$c1976. 300 $a103 p. ;$c24 cm. 502 $aEstratto da tesi. Pontificia Universitą Salesiana. Facoltą di diritto canonico. 1976. 504 $aBibliografia in nota a pič pagina. 600 04$aBenedictus PP.$bXIV,$d1675-1758.$0(OLS)http://pul/subject/2279 710 2 $aPontificia Universitą Salesiana.$bFacoltą di diritto canonico.$kTesi.$0(OLS)http://pul/name/105184 850 $aPUL 852 $aPUL$W1$xDP1 Tesi Pon. Univ. Salesiana$y46$mTH SAL 151$j187886$qTesi$B190984$CPULBib$Z2$F190984 $H43843 $82 941 1 $a16 960 $aPapi (1740-1758 : Benedictus PP. XIV)$92279 960 $aPapi (1740-1758 : Benedictus PP. XIV)$92279 960 $aBenedetto$bXIV,$cpapa,$d1675-1758$92279 960 $aLambertini, Prospero,$d1675-1758$92279 996 $6245$aBenedetto XIV (1740-1758) e la gerarchia ecclesiastica$9(OLS)http://pul/title/203436 996 $6260$aRoma :$b[s.n.]$9(OLS)http://pul/publisher/47958 LEADER 01822nam a2200337 a 4500 001 000000125450 003 CaOOAMICUS 005 20150707120727.0 008 110525s2010 vc u000 u lat r 020 $a978-88-209-8484-7 040 $aPUL$bita 082 04$a262.2 110 2 $aPapi (2005-2013 : Benedictus XVI).$0(OLS)http://pul/name/64993 240 10$aVerbum Domini$lLatino$f2010.$0(OLS)http://pul/title/158189 245 10$aBenedicti PP. XVI Summi Pontificis adhortatio apostolica postsynodalis Verbum Domini ad Episcopos clerum personas consecratas necnon Christifidelis laicos de Verbo Dei in vita et in missione ecclesiae. 246 13$aAdhortatio apostolica postsynodalis Verbum Domini 260 $aCittą del Vaticano :$bLibreria editrice vaticana,$c©2010. 300 $a147 p.$c23 cm 504 $aBibliografia in nota. 610 24$aPapi (2005-2013 : Benedictus XVI)$tVerbum Domini.$0(OLS)http://pul/subject/38364 850 $aPUL 852 $aPUL$W1$xSL Religione 3$y85$m262. 2 BENED16 1$j144480$qDDC 21$B143508$CPULBib$Z2$F143508 $H115975 $82 900 $aBenedictus PP.$bXVI,$d1927-2022$964993 900 $aBenedictus PP.$bXVI,$d1927-2022$964993 941 1 $a9 996 $6020$a978-88-209-8484-7$9(OLS)http://pul/number/147303 996 $6082$a262.2$9(OLS)http://pul/classification/1971 996 $6245$aBenedicti PP. XVI Summi Pontificis adhortatio apostolica postsynodalis Verbum Domini ad Episcopos clerum personas consecratas necnon Christifidelis laicos de Verbo Dei in vita et in missione ecclesiae$9(OLS)http://pul/title/158188 996 $6246$aAdhortatio apostolica postsynodalis Verbum Domini$9(OLS)http://pul/title/158190 996 $6260$aCittą del Vaticano :$bLibreria editrice vaticana$9(OLS)http://pul/publisher/47920